| 000 | 00419nam a2200169Ia 4500 | ||
|---|---|---|---|
| 999 |
_c51520 _d51520 |
||
| 001 | 54109 | ||
| 005 | 20210226100214.0 | ||
| 008 | 140505s9999 xx 000 0 und d | ||
| 020 | _aNA | ||
| 040 | _cPK-LaUMT | ||
| 082 |
_a346.003 _bCOU- |
||
| 245 | _aCourt fees act, 1870 & suits valuation act, 1887 | ||
| 260 |
_aLahore,Pakistan: _bNadeem Law Books House, _c2013 |
||
| 300 | _a232 p. | ||
| 546 | _aEN | ||
| 942 | _cBK | ||